[Event "Challenge"]
[Site "http://www.queenalice.com/game.php?id=1761284"]
[Date "2021.6.3"]
[Round "-"]
[White "Belle1996"]
[Black "magalhaes_br"]
[Result "0-1"]
[WhiteElo "949"]
[BlackElo "1530"]

1. e4 e5 2. Nf3 d6 3. d4 Nd7 4. Nc3 Ngf6 5. Bc4 Be7 6. Bg5 O-O 7. O-O c6 8. h3
a6 9. dxe5 dxe5 10. Nxe5 Nxe5 11. a3 Nxc4 12. e5 Qxd1 13. Rfxd1 Nxe5 14. Ne2 Bf5
15. Rd2 Rad8 16. Rad1 Rxd2 17. Rxd2 Rd8 18. Rxd8+ Bxd8 19. Nd4 h6 20. Nxf5 hxg5
21. Nd6 b5 22. c3 Nd3 23. b4 Nd5 24. c4 bxc4 25. f3 c3 26. a4 N5xb4 27. Kh2 Bc7
28. Kg3 Bxd6+ 29. Kg4 f6 30. Kf5 c2 31. Kg6 c1=Q 32. g3 Bxg3 33. h4 gxh4 34. Kh5
Qg5# 0-1

[Event "Challenge"]
[Site "http://www.queenalice.com/game.php?id=1761295"]
[Date "2021.6.4"]
[Round "-"]
[White "gillou77"]
[Black "Belle1996"]
[Result "1-0"]
[WhiteElo "1278"]
[BlackElo "952"]

1. e4 e5 2. d4 exd4 3. e5 d6 4. Qxd4 Nf6 5. exf6 g5 6. Nf3 Nc6 7. Qe3+ Kd7 8.
Nxg5 b5 9. Nxf7 Be7 10. Nxd8 Kxd8 11. f7 Bf5 12. Bd3 Bxd3 13. cxd3 h6 14. Nc3
Kd7 15. O-O Bg5 16. Qh3+ Ke7 17. Qh5 Raf8 18. Nd5+ Kd7 19. Bxg5 Nd4 20. Bf6 Kc6
21. Bxh8 Nc2 22. Ne7+ Kb6 23. Nc8+ Rxc8 24. Qxh6 Ka5 25. f8=Q Rxf8 26. Qxf8 Nxa1
27. Rxa1 c5 28. Qxd6 a6 29. Bc3+ Ka4 30. Qxa6# 1-0

[Event "Challenge"]
[Site "http://www.queenalice.com/game.php?id=1762424"]
[Date "2021.6.17"]
[Round "-"]
[White "Kees_Popinga"]
[Black "Belle1996"]
[Result "1-0"]
[WhiteElo "1673"]
[BlackElo "947"]

1. e4 e5 2. Nf3 Nc6 3. Bc4 d6 4. d3 Nf6 5. Ng5 Be7 6. Nxf7 Qd7 7. Nxh8 a6 8. Nf7
Nd4 9. c3 b6 10. cxd4 Bb7 11. Qh5 Nxh5 12. Ng5 exd4 13. Nxh7 Bc6 14. Nd2 O-O-O
15. Bxa6+ Bb7 16. Bc4 Bc6 17. a4 Bxa4 18. O-O b5 19. Bd5 Qg4 20. Nf3 Rh8 21. h3
Qxf3 22. gxf3 Rxh7 23. Bd2 Bf6 24. Kh2 Bc2 25. Ra3 Kb8 26. Ra8# 1-0

[Event "Challenge"]
[Site "http://www.queenalice.com/game.php?id=1763558"]
[Date "2021.7.3"]
[Round "-"]
[White "Belle1996"]
[Black "gillou77"]
[Result "1-0"]
[WhiteElo "941"]
[BlackElo "1281"]

1. e4 d5 2. exd5 Qxd5 3. Nf3 Qe6+ 4. Be2 Nc6 5. d3 Nf6 6. Nc3 Qd7 7. O-O e5 8.
Bg5 Be7 9. d4 Nxd4 10. Nxd4 exd4 11. Qxd4 Bd6 12. Qe3+ Be7 13. Ne4 O-O 14. Nxf6+
Bxf6 15. Bxf6 gxf6 16. h3 a5 17. Bg4 Qc6 18. Rac1 Bxg4 19. hxg4 Rfe8 20. Rfe1 f5
21. gxf5 h5 22. Qg5+ Kf8 23. Re3 Ra6 24. c3 b5 25. Qxh5 b4 26. Qh8# 1-0

[Event "Challenge"]
[Site "http://www.queenalice.com/game.php?id=1763975"]
[Date "2021.7.7"]
[Round "-"]
[White "magalhaes_br"]
[Black "Belle1996"]
[Result "1-0"]
[WhiteElo "1566"]
[BlackElo "967"]

1. e4 e5 2. Nf3 Nf6 3. Bc4 Qe7 4. d3 Qc5 5. Be3 d6 6. Bxc5 dxc5 7. Nxe5 Nc6 8.
Nxf7 Bg4 9. Qd2 Rg8 10. Ng5 Bd6 11. Bxg8 h6 12. Nh7 Ne5 13. Nxf6+ Kf8 14. h3 c4
15. hxg4 Bc5 16. d4 gxf6 17. Qxh6+ Ke8 18. g5 Bxd4 19. Qh8 Bxb2 20. Bh7+ Kd7 21.
Qxa8 a6 22. Qxb7 Bxa1 23. Qxa6 Ng4 24. O-O Be5 25. Bf5+ Ke8 26. Qe6+ Kf8 27. g6
Nh6 28. Qxc4 Nxf5 29. exf5 Ke7 30. Qf7+ Kd6 31. Rd1+ Kc5 32. Qd5+ Kb6 33. g7 Bf4
34. g8=Q Be5 35. Qb3+ Kc6 36. Qgc4# 1-0

[Event "Challenge"]
[Site "http://www.queenalice.com/game.php?id=1764263"]
[Date "2021.7.12"]
[Round "-"]
[White "Belle1996"]
[Black "Kees_Popinga"]
[Result "0-1"]
[WhiteElo "984"]
[BlackElo "1566"]

1. e4 e5 2. Nf3 d6 3. d3 Nf6 4. Nc3 c6 5. Be2 Nbd7 6. O-O Be7 7. Bg5 O-O 8. d4
b5 9. d5 Bb7 10. h3 Qb6 11. dxc6 Qxc6 12. Qd3 Ba6 13. a3 Nb8 14. Rfd1 Nbd7 15.
Nh4 b4 16. Na2 Bxd3 17. Bxd3 Rfe8 18. Nxb4 Qb6 19. c3 Nc5 20. Bc4 Nfxe4 21. Nf5
Bxg5 22. Re1 Nd2 23. Nd5 Qd8 24. Rad1 Qd7 25. Rxd2 Bxd2 26. Re2 Bg5 27. b4 Na4
28. Bb3 Qxf5 29. Bxa4 Red8 30. Bc6 Rac8 31. f3 Rxc6 32. Rc2 Qxc2 33. g3 Rxc3 34.
f4 Rxg3+ 35. Kf1 Rxa3 36. Ne7+ Bxe7 37. fxe5 Ra1# 0-1

[Event "Challenge"]
[Site "http://www.queenalice.com/game.php?id=1766699"]
[Date "2021.8.11"]
[Round "-"]
[White "Belle1996"]
[Black "magalhaes_br"]
[Result "1/2-1/2"]
[WhiteElo "974"]
[BlackElo "1449"]

1. e4 e5 2. Nf3 d6 3. d3 Nf6 4. Be2 g6 5. O-O Bg7 6. Nc3 c6 7. Bg5 O-O 8. h4
Nbd7 9. Qd2 b5 10. Nb1 Bb7 11. Nc3 h6 12. a3 a5 13. Be3 Qc7 14. Nh2 b4 15. Nd1
c5 16. f3 Rfe8 17. Nf2 Qb6 18. c4 Kf8 19. Nfg4 Ke7 20. Nxf6 Bxf6 21. Qc2 g5 22.
hxg5 Bxg5 23. Bxg5+ hxg5 24. Ng4 Rh8 25. Qd2 f6 26. Nh6 Rxh6 27. axb4 axb4 28.
Rxa8 Bxa8 29. f4 exf4 30. Bg4 Ne5 31. Ra1 Bb7 32. b3 Nxg4 33. g3 fxg3 34. Qg2
Qc7 35. Qxg3 Ne5 36. Ra7 Qb8 37. Ra2 Bc8 38. Ra5 Qc7 39. d4 Qxa5 40. dxe5 Qa1+
41. Kf2 Qh1 42. exf6+ Rxf6+ 43. Ke3 Rh6 44. Qxg5+ Kd7 45. Qg8 Bb7 46. Qf7+ Kc6
47. Qe8+ Kb6 48. Qd8+ Ka7 49. Qa5+ Kb8 50. Qd8+ Bc8 51. Qb6+ Bb7 52. Qd8+ Ka7
53. Qa5+ Ba6 54. Qc7+ Bb7 55. Qa5+ 1/2-1/2

[Event "Challenge"]
[Site "http://www.queenalice.com/game.php?id=1772463"]
[Date "2021.10.17"]
[Round "-"]
[White "Belle1996"]
[Black "lucasalex"]
[Result "0-1"]
[WhiteElo "1044"]
[BlackElo "1961"]

1. e4 e5 2. Nf3 Nc6 3. Be2 Nf6 4. O-O Bc5 5. Nc3 d6 6. d3 h6 7. Nb5 a6 8. Nc3
O-O 9. Nd5 Nxd5 10. exd5 Nd4 11. c3 Nxe2+ 12. Qxe2 Bg4 13. h3 Bh5 14. Bd2 Re8
15. d4 exd4 16. cxd4 Rxe2 17. Bf4 Bxf3 18. gxf3 Bxd4 19. Rad1 Be5 20. Bxe5 Rxe5
21. f4 Rh5 22. b4 Qh4 23. Rd4 Qxh3 24. Re4 Qh2# 0-1